NFL Quiz for Dummies - Statistics

General Stats
  • This quiz has been taken 88 times
    78 since last reset
  • The average score is 12 of 15
Answer Stats
Hint Answer % Correct
How many points is a field goal? 3
100%
How many yards is a football field ? (Excluding end zones) 100
98%
What team plays in Dallas? Cowboys
97%
Name one quarterback regarded as the greatest of all time Tom Brady | Patrick Mahomes | Joe Montana
97%
What position does Travis Kelce play? (Taylor Swift's Boyfriend) Tight End
91%
Name one team without a Super Bowl appearance Browns | Lions | Jaguars | Texans
89%
How many wide receivers are on the field? 3
83%
Name a penalty Encroachment | False Start | Offside | Holding | Pass Interference | Collision | Horse Collar | Face Mask | Roughing the Passer | Roughing the Kicker | Personal Foul | Delay of Game
82%
What is thrown on the field to show a penalty? A Flag
79%
(HARD ONE) What is the only team to lose every game in a season? Lions | Browns | Colts | Bucaneers | Cowboys
76%
How many conferences are there? 2
71%
What defensive position ends in the word back? Cornerback
67%
Name one team who plays in New York Bills
64%
What is the name of the position who catches the ball? Wide Reciever
50%
What position is also a way to score points? Safety
18%
No matching quizzes found
Score Distribution
Percent of People with Each Score
Percentile by Number Answered
Your Score History
You have not taken this quiz since the last reset